Personnages fictifs par couleur - Statistiques

Statistiques générales
  • Ce quiz a été pris 37 fois
  • Le résultat moyen est 18 sur 45
Statistiques - réponses
Par images Réponse % Correct
Shrek
94%
Simba
94%
Elsa
91%
Garfield
91%
Patrick
91%
Pluto
88%
Tom
85%
Ursula
79%
Chipeur
76%
Waluigi
76%
Bob Razowski
68%
Clifford
65%
Tiana
65%
Taz
62%
Elastic Girl
56%
Knuckles
56%
Le Lorax
53%
Perry l'ornithorynque
47%
Envie
41%
Félix
32%
Leon
32%
Blu
29%
Maximus
29%
Darwin
26%
Megaman
26%
Ferdinand
24%
Hatsune Miku
24%
Zekrom
24%
Elliott
21%
Émile
21%
Anaïs
18%
Bill Crypto
18%
M.Heureux
18%
M.Loup
18%
Poppy
18%
BMO
12%
Changelin
12%
Furie Eclair
12%
Maestro
9%
Morty
9%
Léonard
6%
22
3%
Lapis Lazuli
3%
Roger
3%
Woodstock
3%
Aucun quiz correspondant
Distribution des résultats
% des personnes avec chaque résultat
Percentile par nombre de réponses
Votre historique - résultats
Vous n’avez pas pris ce quiz